Statystyki dla Zgadnij państwa po losowych walutach europejskich

Kliknij tutaj aby rozwiązać quiz!

Ogólne statystyki

  • Ten quiz został rozwiązany 55 razy
  • Średni wynik to 4 z 5

Statystyki odpowiedzi

WalutaPaństwa% Poprawnych
KoronaCzechy | Dania | Islandia | Norwegia | Szwecja
100%
ZłotyPolska
100%
FuntWielka Brytania
100%
EuroAndora | Austria | Belgia | Chorwacja | Cypr | Czarnogóra | Estonia | Finlandia | Francja | Grecja | Hiszpania | Holandia | Irlandia | Litwa | Luksemburg | Łotwa | Malta | Monako | Niemcy | Portugalia | San Marino | Słowacja | Słowenia | Watykan | Włochy
95%
RubelBiałoruś | Rosja
95%
LekAlbania
80%
ForintWęgry
80%
FrankSzwajcaria
78%
HrywnaUkraina
68%
DinarSerbia
67%
LejMołdawia | Rumunia
60%
LewBułgaria
57%
Marka ZamiennaBośnia i Hercegowina
50%
DenarMacedonia Północna
50%

Rozkład punktacji

Percentyl według liczby udzielonych odpowiedzi

Procent ludzi z każdym wynikiem

Twoja historia wyników

Nie rozwiązałeś tego quizu